| 000 | 00687cam a2200205 4500 | ||
|---|---|---|---|
| 001 | WB3630-15 | ||
| 008 | 000000n2000 000 0 eng u | ||
| 035 | _a(Sirsi) u107451 | ||
| 245 | _aAustralian bank to lend in UK | ||
| 260 | _c2000 | ||
| 490 |
_aDaily Telegraph _v31 July 2000, 25(1) |
||
| 520 | _aThe Commonwealth Bank of Australia is planning to enter Britain's mortgage market later this year. It claims that it will undercut established lenders and will focus on flexible mortgage schemes. | ||
| 590 | _aWB | ||
| 650 | _aMORTGAGES | ||
| 650 | _aLENDERS | ||
| 650 | _aFINANCIAL SERVICES | ||
| 650 | _aMORTGAGE MARKET | ||
| 690 | _aHOUSING-OWNER OCCUPIED | ||
| 942 | _n0 | ||
| 999 |
_c64229 _d64229 |
||